000 00813nam2a22002531 4500
001 RU\NLR\INFOCOMM29\5000100857
005 20250617034609.0
035 _a(NLR Aleph) 002424193
090 _a1932996
_c1932996
100 _a20050201d1900 |||y0rusy50 ca
101 0 _arus
102 _aRU
105 _ay ||||000|y
200 1 _aБорьба и любовь
_fА.Н. Емельянов
210 _d1900
_aБ. м.
461 0 _1001RU\NLR\INFOCOMM29\5000100499
_12001#$aЧитатель$vГ.5 1900, Кн.9(209)
_91932607
_cМ.
_d1896-1901
_nФ.А. Куманин
_tЧитатель
_vГ.5 1900, Кн.9(209)
700 1 _aЕмельянов
_bА.Н.
_4070
801 1 _aRU
_bInfoComm
_c20050201
801 0 _aRU
_bNLR
_gPSBO
852 _aNLR
_j2/1732
942 _cISSUE
980 _aNB
980 _aRUSPER